书目信息 |
| 题名: |
恢复生态学
|
|
| 作者: | 孙书存 , 包维楷 主编 | |
| 分册: | ||
| 出版信息: | 北京 化学工业出版社 2005 |
|
| 页数: | 305页 | |
| 开本: | 24cm | |
| 丛书名: | 生态学热点研究丛书 | |
| 单 册: | ||
| 中图分类: | Q148 | |
| 科图分类: | ||
| 主题词: | 生态系生态学--研究 , 生态系生态学 | |
| 电子资源: | ||
| ISBN: | 7-5025-6281-8 | |
| 000 | 00935oam2 2200289 450 | |
| 001 | 002799902 | |
| 005 | 20050218135725.0 | |
| 010 | @a7-5025-6281-8@dCNY40.00 | |
| 035 | @a002799902 | |
| 100 | @a20050127d2005 em y0chiy0110 ea | |
| 101 | 0 | @achi |
| 102 | @aCN@b110000 | |
| 105 | @ay z 000yy | |
| 106 | @ar | |
| 200 | 1 | @a恢复生态学@Ahui fu sheng tai xue@f孙书存,包维楷主编 |
| 210 | @a北京@c化学工业出版社@d2005 | |
| 215 | @a305页@d24cm | |
| 225 | 2 | @a生态学热点研究丛书 |
| 330 | @a本书从流域管理的角度讨论了生态恢复的技术途径和方法,主要内容包括:恢复生态学的定义和一般生态恢复实践指南、山地生态系统恢复重建与生态经济分析等。 | |
| 461 | 0 | @1001002679572@12001 @a生态学热点研究丛书 |
| 606 | 0 | @a生态系生态学@x研究 |
| 606 | 0 | @a生态系生态学 |
| 690 | @aQ148@v4 | |
| 701 | 0 | @a孙书存@Asun shu cun@4主编 |
| 701 | 0 | @a包维楷@Abao wei kai@4主编 |
| 801 | 0 | @aCN@bNLC@c20050221 |
| 905 | @dQ148@e127 @f5 | |
| 恢复生态学/孙书存,包维楷主编.-北京:化学工业出版社,2005 |
| 305页;24cm.-(生态学热点研究丛书) |
| ISBN 7-5025-6281-8:CNY40.00 |
| 本书从流域管理的角度讨论了生态恢复的技术途径和方法,主要内容包括:恢复生态学的定义和一般生态恢复实践指南、山地生态系统恢复重建与生态经济分析等。 |
| ● |
| 相关链接 |
|
|
|
|
正题名:恢复生态学
索取号:Q148/127
 
预约/预借
| 序号 | 登录号 | 条形码 | 馆藏地/架位号 | 状态 | 备注 |
| 1 | 0580571 | 205805716 | 第二样本阅览室/ [索取号:Q148/127] | 在馆 | |
| 2 | 0580572 | 205805725 | 第三借阅区/ [索取号:Q148/127] | 在馆 | |
| 3 | 0580573 | 205805734 | 第三借阅区/ [索取号:Q148/127] | 在馆 | |
| 4 | 0580574 | 205805743 | 第三借阅区/ [索取号:Q148/127] | 在馆 | |
| 5 | 0580575 | 205805752 | 第三借阅区/ [索取号:Q148/127] | 在馆 | |
| 6 | 0580576 | 205805761 | 第三借阅区/ [索取号:Q148/127] | 在馆 | |
| 7 | 0580577 | 205805770 | 第三借阅区/ [索取号:Q148/127] | 在馆 | |
| 8 | 0580578 | 205805789 | 第三借阅区/ [索取号:Q148/127] | 在馆 | |
| 9 | 0850702 | 208507025 | 第三借阅区/ [索取号:Q148/127] | 在馆 | |
| 10 | 0850703 | 208507034 | 第三借阅区/ [索取号:Q148/127] | 在馆 | |
| 11 | 0850704 | 208507043 | 第三借阅区/ [索取号:Q148/127] | 在馆 | |
| 12 | 0850705 | 208507052 | 第三借阅区/ [索取号:Q148/127] | 在馆 | |
| 13 | 0850706 | 208507061 | 第三借阅区/ [索取号:Q148/127] | 在馆 |